000 01061nam a22003017a 4500
003 OSt
005 20210818181649.0
008 170524s2015 ck a grft 000 0 spa d
020 _a9789588370545
040 _bspa
_aCOMFC
_ccobobit
041 _aspa
082 0 4 _a630
_bZ94c
100 1 _aZuluaga G., Ramón Dario
_950595
_eautor
245 1 0 _aCultura - Agricultura
_cRamón Dario Zuluaga G.
264 0 1 _aPereira
_bCorporación Autónoma Regional de Risaralda - CARDER
_c2015
300 _a80 páginas
_bilustraciones
_c20 cm
336 _2rdacontent
_atxt
337 _2rdamedia
_an
338 _2rdacarrier
_anc
500 _aIncluye biografía del autor
650 0 _aCiclos Vitales de las Plantas
_935310
650 0 _aDesarrollo de las Semillas
_934153
650 0 _aProductos de Semillas
_936360
650 0 _aCalidad de Los Suelos
_935120
650 0 _aAbonos y Fertilizantes
_99735
830 _954302
_aDepósito Legal - Sala de Patrimonio Bibliográfico y Documental de Risaralda
942 _2ddc
_h630 Z94c
_k630
_mZ94c
999 _c11800
_d11800